| 000 | 00995nam a2200313 a 4500 | ||
|---|---|---|---|
| 001 | 000108436 | ||
| 003 | CHAP | ||
| 005 | 20240524114051.0 | ||
| 008 | 140212s2013 it ab |r| ||||||eng d | ||
| 010 | _a104898 | ||
| 011 | _a105870 | ||
| 040 | _cCHAP | ||
| 082 | 0 | 4 |
_a639.2 _bF3y v.552 |
| 245 | 1 | 0 |
_aAdvances in geographic information systems and remote sensing for fisheries and aquaculture / _ceditado por Geoffery J. Meaden y José Aguilar-Manjarrez. |
| 260 |
_aRoma : _bFAO, _c2013. |
||
| 300 |
_ax, 98 p. _e, + 1 CD (4/4 plg.) |
||
| 490 | 1 |
_aDocumento técnico de pesca _v; 552 |
|
| 590 |
_aE5995AHE _b05 _c20140212 |
||
| 650 | 1 | 4 |
_aAcuicultura _9758 |
| 650 | 1 | 4 |
_aAdministración pesquera _9933 |
| 650 | 1 | 4 |
_aPesca continental. _987434 |
| 650 | 1 | 4 |
_aPesca marina. _987438 |
| 650 | 1 | 4 |
_aSensores remotos. _9104427 |
| 700 | 0 |
_aMeaden Geoffery J. _e, ed. _973786 |
|
| 830 | 0 | 0 |
_aDocumento técnico de pesca _v; 552 _933242 |
| 901 | _aBK | ||
| 942 |
_cLIBRO _2ddc |
||
| 942 |
_n0 _2ddc |
||
| 999 |
_c104898 _d104898 |
||